Modern plywood techniques.

Bibliographic Details
New Title:Modern sawmill techniques
Modern sawmill and panel techniques
Format: Serial
Language:English
Published: San Francisco, Calif. : Miller Freeman Publications, [1974-1979]
Series:Plywood clinic library.
Subjects:
Online Availability: Check for online availability

MARC

Tag First Indicator Second Indicator Subfields
LEADER 00000cas a2200000 a 4500
001 in00000071186
005 20151008062109.0
008 760429d19741979cauuu1 1uuua0engm
010 |a  76640126  
012 |a 2  |b 1  |c -  |d 7  |e n  |f -  |g p  |h -  |i ---- 
019 |a 1417821 
022 |a 0361-7238 
035 |a (OCoLC)02246809 
035 |9 AAJ9511AM 
037 |b 500 Howard Street, 94105 
040 |a DLC  |c DLC  |d NSD  |d OCL  |d NSD  |d TXA  |d UtOrBLW 
042 |a lc  |a nsdp 
049 |a TXAE 
050 0 0 |a TS870  |b .P58a 
082 0 |a 674/.834/05 
222 0 |a Modern plywood techniques 
245 0 0 |a Modern plywood techniques. 
264 1 |a San Francisco, Calif. :  |b Miller Freeman Publications,  |c [1974-1979] 
300 |a  7 volumes :  |b illustrations ;  |c 24 cm. 
336 |a text  |b txt  |2 rdacontent 
337 |a unmediated  |b n  |2 rdamedia 
338 |a volume  |b nc  |2 rdacarrier 
362 0 |a Vol. 1 (Feb. 1974)-v. 7. (1979). 
490 1 |a Plywood Clinic library 
515 |a Vols. for Feb. 1974-<Nov. 1974> are proceedings of the 1st-<2d> Plywood Clinic. 
650 0 |a Plywood  |x Congresses. 
760 0 |a Plywood Clinic.  |t Plywood Clinic library 
785 0 7 |t Modern sawmill techniques 
785 0 7 |t Modern sawmill and panel techniques 
830 0 |a Plywood clinic library. 
999 |a MARS 
999 f f |s 03fa4396-822d-32ba-987b-30bb918fdd19  |i ed13603a-815e-3231-b56b-d8e0649cbad2  |t 0 
952 f f |a Texas A&M University  |b Rellis Campus  |c Joint Library Facility  |d Remote Storage  |e TS870 .P58a  |h Library of Congress classification  |i unmediated -- volume  |k v.2  |l 1974:Nov.  |m A14816205089  |p ric  |s JLF  |t 0 
952 f f |a Texas A&M University  |b Rellis Campus  |c Joint Library Facility  |d Remote Storage  |e TS870 .P58a  |h Library of Congress classification  |i unmediated -- volume  |k v.6  |l 1978  |m A14852434290  |p ric  |s JLF  |t 0 
952 f f |a Texas A&M University  |b Rellis Campus  |c Joint Library Facility  |d Remote Storage  |e TS870 .P58a  |h Library of Congress classification  |i unmediated -- volume  |k v.5  |l 1977  |m A14852434563  |p ric  |s JLF  |t 0 
952 f f |a Texas A&M University  |b Rellis Campus  |c Joint Library Facility  |d Remote Storage  |e TS870 .P58a  |h Library of Congress classification  |i unmediated -- volume  |k v.1  |l 1974:Feb.  |m A14821475665  |p ric  |s JLF  |t 0 
952 f f |a Texas A&M University  |b Rellis Campus  |c Joint Library Facility  |d Remote Storage  |e TS870 .P58a  |h Library of Congress classification  |i unmediated -- volume  |k v.4  |l 1976:Mar.  |m A14816895591  |p ric  |s JLF  |t 0 
952 f f |a Texas A&M University  |b Rellis Campus  |c Joint Library Facility  |d Remote Storage  |e TS870 .P58a  |h Library of Congress classification  |i unmediated -- volume  |k v.7  |l 1979:Mar.  |m A14811206030  |p ric  |s JLF  |t 0 
952 f f |a Texas A&M University  |b Rellis Campus  |c Joint Library Facility  |d Remote Storage  |e TS870 .P58a  |h Library of Congress classification  |i unmediated -- volume  |k v.3  |l 1975:Mar.  |m A14816895606  |p ric  |s JLF  |t 0 
998 f f |a TS870 .P58a  |s v.1 (1974)-v.7 (1979)   |t 0  |l Remote Storage